| 000 | 00639nam a22001937a 4500 | ||
|---|---|---|---|
| 999 |
_c330480 _d330480 |
||
| 003 | NUST | ||
| 005 | 20170717164403.0 | ||
| 008 | 111116t xxu||||| |||| 00| 0 eng d | ||
| 020 | _a8185589542 | ||
| 040 | _c0 | ||
| 082 | _a620.5 KUL | ||
| 100 |
_a.Kulkarni,Sulabha K _9190 |
||
| 245 |
_aNanotechnology Principles and practices _cSulabha K.Kulkarni |
||
| 260 |
_aNew Delhi _bCapital Publishing Company _c2011 |
||
| 300 | _a315p. | ||
| 500 | _aH.B | ||
| 563 | _aHBc | ||
| 650 |
_aNanotechnology _9191 |
||
| 942 |
_2ddc _cBK _kIESE |
||